000 00768nam a22002057a 4500
999 _c18609
_d18609
003 AR-CdUCM
008 190514b ||||| |||| 00| 0 spa d
040 _aMUNICIPALIDAD PROVINCIAL DEL CUSCO
_cBIBLIOTECA MUNICIPAL DEL CUSCO
082 _a865 /
_bAT87
100 _aAtkinson, William W.
_939298
245 _aConvenza y triunfe con la palabra :
_bLa ciencia de la palabra /
260 _aMexico :
_bLibro-Mex editores,
_c1976.
300 _a174 paginas ;
_c20 cm.
505 _aContenido: La expresión -- El lenguaje y sus principios -- La evolución del lenguaje -- Las palabras -- La formación del vocabulario...
650 _aLenguaje
_95227
650 _aVocabulario
_97962
700 _aJ. P. F.
_939299
942 _2ddc
_cLIBROS
945 _apjha
_d2019-05-14